Introducción al Derecho inglés y norteamericano /

Esta obra examina algunas ramas del derecho (penal, societaria,...) y varias áreas más específicas (formalización de contratos, fiscalidad, libertades fundamentales...) tanto del Derecho inglés y del norteamericano.

Guardado en:
书目详细资料
主要作者: Séroussi, Roland (autor)
格式: 图书
语言:西班牙语
出版: Barcelona, España : Ariel, 1998, c1998
丛编:(Ariel Derecho)
主题:
标签: 添加标签
没有标签, 成为第一个标记此记录!

MARC

LEADER 00000nam^a2200000^a^4500
001 000157178
005 20250521000000.0
009 20260310100528.778
020 |a 84-344-1591-7 
037 |a Acervo ITESO - Biblioteca 
041 |a ESP 
082 |a 340. 09  |b SER 
100 |a Séroussi, Roland  |e (autor) 
245 1 0 |a Introducción al Derecho inglés y norteamericano /  |c R. Séroussi ; tr. por Enrique Alcaraz Varó. 
264 4 |a Barcelona, España :  |b Ariel,  |c 1998, c1998 
300 |a 214 p. 
336 |a texto  |b txt  |2 rdacontenido 
337 |a sin mediación  |b n  |2 rdamedio 
338 |a volumen  |b nc  |2 rdasoporte 
440 1 |a (Ariel Derecho) 
500 |a Traducción de: Introduction aux droits anglais et américain 
520 |a Esta obra examina algunas ramas del derecho (penal, societaria,...) y varias áreas más específicas (formalización de contratos, fiscalidad, libertades fundamentales...) tanto del Derecho inglés y del norteamericano. 
649 |a XX 
650 |a Derecho -  |z Inglaterra -  |x Teoría 
650 |a Derecho -  |z EUA -  |x Teoría 
650 |a Jurisprudencia -  |z Inglaterra 
650 |a Jurisprudencia -  |z EUA 
650 |a Contratos Mercantiles -  |z Inglaterra 
650 |a Contratos Mercantiles -  |z EUA 
650 |a Derecho Mercantil -  |z EUA 
650 |a Derecho Mercantil -  |z Inglaterra 
650 |a Derecho Fiscal -  |z EUA 
650 |a Derecho Fiscal -  |z Inglaterra 
650 |a Derecho Civil -  |z EUA 
650 |a Derecho Civil -  |z Inglaterra 
650 |a Derecho Penal -  |z EUA 
650 |a Derecho Penal -  |z Inglaterra 
650 |a Derecho Comparado 
650 |a Derecho Comparado 
910 |a Fondo General 
920 |a Impresos - Libros 
930 |a Colección General 
905 |a 101 
901 |a 0500085385  |b IT1  |c ACC  |u 20250521 
902 |a https://opac.biblio.iteso.mx/vufind/Record/000157178